000 00889nam0a22002771 4500
001 RU\NLR\INFOCOMM_253\5000032145
005 20250613094532.0
035 _a(NLR Aleph) 009265223
090 _a9067932
_c9067932
100 _a20100818d1974 |||y0rusy50 ca
101 0 _afre
102 _aRU
105 _aa ||||000|y
200 1 _aHistoire de l'Union Soviétique a travers les dessins
210 _aΜ.
_cÉd. de l'Agence de presse "Novosti"
_d1974
215 _a[80] с.
_cил.
_d14×20 см
300 _aНа тит. л. и обл. авт. не указан
300 _aВ вып. дан.: Д. Доко. История СССР в рисунках
607 _aСССР
_xИстория
_2nlr_sh1
686 _aТ3(2)Я6
_2rubbk
700 1 _aDoko
_bD.
_4070
801 1 _aRU
_bNLR
_c20100818
801 0 _aRU
_bNLR
_gPSBO
852 _aNLR
_jИр11 Д-4/3
942 _cBOOK
980 _aNB